000 00571nam a2200193Ia 4500
005 20260114185533.0
008 008 260114s9999 xx 000 0 eng d
020 _a9781350113121
037 _aEBOOK
040 _aCRL
_beng
_cCRL
041 _aeng
_2eng
084 _qCRL
100 _aMia Lövheim and Mikael Stenmark
_9871292
245 2 _aA Constructive Critique of Religion
260 _bBloomsbury
_c2020
856 _uhttp://dx.doi.org/10.5040/9781350113121?locatt=label:secondary_bloomsburyCollections
942 _cEBOOK
999 _c1470240
_d1470240